Catalog

Record Details

Catalog Search



Ninety degrees North : the quest for the North ... Read More

Available copies

  • 1 of 1 copy available at LARL/NWRL Consortium.
  • 1 of 1 copy available at Lake Agassiz Regional Library. (Show preferred library)

Current holds

0 current holds with 1 total copy.

Show Only Available Copies
Location Call Number / Copy Notes Barcode Shelving Location Status Due Date
Breckenridge Public Library 919.804 Fle (Text) 33500007328313 Main Available -

Record details

  • ISBN: 0802117252
  • Physical Description: xxi, 470 p. : ill., maps ; 24 cm.
  • Publisher: New York : Grove Press, 2002.

Content descriptions

General Note:
"First published in Great Britain by Granta Books 2001"--T.p. verso
Bibliography, etc. Note:
Includes bibliographical references (428-458 p.), ... Read More
Subject: North Pole > Discovery and exploration.
Arctic regions > Discovery and exploration.
LDR 01181cam a22002898a 4500
00143575
003LARL_NWRL_CONSORTIUM
00520020321163103.0
008020318r20022001nyu b 001 0 eng
020 . ‡a0802117252
035 . ‡a(OCoLC)49383878
03500. ‡ilcmarc/BAQ-9980/LARLTECH
040 . ‡aDLC ‡cDLC
08200. ‡a919.804 ‡221
092 . ‡a919.804 ‡bFle
1001 . ‡aFleming, Fergus, ‡d1959- ‡0(LARL_NWRL_CONSORTIUM)113931
24510. ‡aNinety degrees North : ‡bthe quest for the North Pole / ‡cFergus Fleming.
2463 . ‡a90 degrees North
260 . ‡aNew York : ‡bGrove Press, ‡c2002.
300 . ‡axxi, 470 p. : ‡bill., maps ; ‡c24 cm.
500 . ‡a"First published in Great Britain by Granta Books 2001"--T.p. verso
504 . ‡aIncludes bibliographical references (428-458 p.), and Index.
651 0. ‡aNorth Pole ‡xDiscovery and exploration.
651 0. ‡aArctic regions ‡xDiscovery and exploration. ‡0(LARL_NWRL_CONSORTIUM)13843
901 . ‡a43575 ‡bOCLC ‡c43575 ‡tbiblio

Additional Resources